| 000 | 00619nam a22002177a 4500 | ||
|---|---|---|---|
| 005 | 20170124110037.0 | ||
| 010 | _a745714 | ||
| 020 | _c00.00 | ||
| 035 | _a745714 | ||
| 037 | _bCen Lib/Ret | ||
| 040 |
_aDPL _bEN |
||
| 082 |
_a370.15 _bDAV |
||
| 100 |
_aDavitz, Joel R. _922873 |
||
| 245 |
_aPsychology of the educational process / _cby Joel R.Davitz [and] Samuel Ball |
||
| 260 |
_aNew York _bMcGraw-Hill Book Company _c1970 |
||
| 300 |
_axii,643p. _c24cm(Hb) |
||
| 500 | _aIncludes index | ||
| 650 |
_aPsychology. _922874 |
||
| 700 |
_aBall, Samuel _922875 |
||
| 942 |
_2ddc _cEN _h370.15 _mDAV |
||
| 999 |
_c128264 _d128264 |
||